Normal view
MARC view
Entry Personal Name
001 - CONTROL NUMBER
- control field: 39557
003 - CONTROL NUMBER IDENTIFIER
- control field: OSt
005 - DATE AND TIME OF LATEST TRANSACTION
- control field: 20160221163326.0
008 - FIXED-LENGTH DATA ELEMENTS
- fixed length control field: 160221|| aca||aabn | a|a d
040 ## - CATALOGING SOURCE
- Original cataloging agency: OSt
- Transcribing agency: OSt
100 ## - HEADING--PERSONAL NAME
- Personal name: श्री हरिश्चन्द्र गुप्ता
670 ## - SOURCE DATA FOUND
- Source citation: Work cat.: (OSt)24903: श्री हरिश्चन्द्र गुप्ता , चलराशि कलन , 2002









